000 00476nam a22001697a 4500
003 MACL
005 20151207164342.0
008 151207b xxu||||| |||| 00| 0 eng d
040 _cMACL
041 _aHindi
082 _a741.642
100 _aडॉ तुहिन देव
_919736
245 _aहमारा दैनिक जीवन
260 _bअदीबा बुक्‍स
_c2011
650 _aचिल्‍डन बुक
_9314
942 _2ddc
_cHIN
999 _c51449
_d51449